On Certain Order Properties of Non Kubo–Ando Means in Operator Algebras

Elmentve itt :
Bibliográfiai részletek
Szerző: Molnár Lajos
Dokumentumtípus: Cikk
Megjelent: 2022
Sorozat:INTEGRAL EQUATIONS AND OPERATOR THEORY 94 No. 3
Tárgyszavak:
doi:10.1007/s00020-022-02702-7

mtmt:32923238
Online Access:http://publicatio.bibl.u-szeged.hu/37359
LEADER 00749nab a2200205 i 4500
001 publ37359
005 20250801142208.0
008 250801s2022 hu o 000 eng d
022 |a 0378-620X 
024 7 |a 10.1007/s00020-022-02702-7  |2 doi 
024 7 |a 32923238  |2 mtmt 
040 |a SZTE Publicatio Repozitórium  |b hun 
041 |a eng 
100 1 |a Molnár Lajos 
245 1 3 |a On Certain Order Properties of Non Kubo–Ando Means in Operator Algebras  |h [elektronikus dokumentum] /  |c  Molnár Lajos 
260 |c 2022 
300 |a 25 
490 0 |a INTEGRAL EQUATIONS AND OPERATOR THEORY  |v 94 No. 3 
650 4 |a Matematika 
856 4 0 |u http://publicatio.bibl.u-szeged.hu/37359/1/OnCertainOrderPropertiesofNonKuboAndoMeansinOperatorAlgebras.pdf  |z Dokumentum-elérés